LEADER 02500nam 22004573 450 001 9910978076003321 005 20251116152041.0 010 $a2-503-59509-X 035 $a(CKB)6170000000000035 035 $a(MiAaPQ)EBC7176316 035 $a(Au-PeEL)EBL7176316 035 $a(NjHacI)996170000000000035 035 $a(BIP)87520265 035 $a(BIP)85442093 035 $a(EXLCZ)996170000000000035 100 $a20230510d2022 uy 0 101 0 $aeng 135 $aurcnu|||||||| 181 $ctxt$2rdacontent 182 $cc$2rdamedia 183 $acr$2rdacarrier 200 10$aImages in the Borderlands $eThe Mediterranean Between Christian and Muslim Worlds in the Early Modern Period 210 1$aTurnhout, Belgium :$cBrepols Publishers,$d2022. 210 4$dİ2022. 215 $a1 online resource (312 pages) 225 1 $aMedieval and Early Modern Europe and the World ;$vv.1 311 08$a2-503-59508-1 330 $aThis volume offers a unique exploration into the cultural history of the Mediterranean in the Early Modern Period by examining the region through the prism of Christian-Muslim encounters and conflicts and the way in which such relationships were represented in art works from the time. Taking images from the period as its starting point, this interdisciplinary work draws together contributors from fields as varied as cultural history, art history, archaeology, and the political sciences in order to reconstruct the history of a region that was often construed in the Early Modern period as a 'borderland' between religions. From discussions of borders as both physical construction and mental construct in the Mediterranean to case studies exploring the Battle of Lepanto, and from analyses of art work produced from the fifteenth to eighteenth centuries to a consideration of the influence of the Ottoman Empire in the Mediterranean Basin, the chapters gathered together in this insightful volume provide a new approach to our understanding of Early Modern Mediterranean history. 410 0$aMedieval and Early Modern Europe and the World 606 $aReading$xTechnological innovations 615 0$aReading$xTechnological innovations. 676 $a070.573 700 $aC?apeta Rakic?$b Ivana$01789022 701 $aCapriotti$b Giuseppe$0226494 801 0$bMiAaPQ 801 1$bMiAaPQ 801 2$bMiAaPQ 906 $aBOOK 912 $a9910978076003321 996 $aImages in the Borderlands$94324382 997 $aUNINA